Implementing 802.11, 802.16, and 802.20 Wireless Networks (Record no. 1221)

MARC details
000 -LEADER
Fixed length control field 00562nam a2200181 4500
003 - CONTROL NUMBER IDENTIFIER
Control field SEACOMEC
005 - DATE AND TIME OF LATEST TRANSACTION
Control field 20240525121628.0
008 - FIXED-LENGTH DATA ELEMENTS--GENERAL INFORMATION
Fixed length control field 240525b |||||||| |||| 00| 0 eng d
020 ## - INTERNATIONAL STANDARD BOOK NUMBER / ISBN
International Standard Book Number 9780080478432
Price 395.00
040 ## - CATALOGING SOURCE
Original cataloging agency SEACOMEC
082 ## - DEWEY DECIMAL CLASSIFICATION NUMBER
Classification number 621.384
Book Number O 451
100 ## - MAIN ENTRY--PERSONAL NAME
Personal name Olexa, Ron
245 ## - TITLE STATEMENT
Title Implementing 802.11, 802.16, and 802.20 Wireless Networks
Sub title : Planning, Troubleshooting, and Operations
Statement of responsibility /Ron Olexa
260 ## - IMPRINT
Place of publication New Delhi
Name of publisher Elsevier,
Date of publication 2005
300 ## - PHYSICAL DESCRIPTION
Page / Vol. No 256 pages
650 ## - SUBJECT ADDED ENTRY--TOPICAL TERM
Topical term Technology & Engineering - Industrial Design
942 ## - ADDED ENTRY ELEMENTS (KOHA)
Koha item type Books
Holdings
Withdrawn status Lost status Source of classification Damaged status Not for loan Home library Current library Date acquired Total Checkouts Call number Accession number Date last seen Price effective from Koha item type
    Dewey Decimal Classification     SEACOM ENGINEERING COLLEGE SEACOM ENGINEERING COLLEGE 25/05/2024   621.384 O 451 5502 25/05/2024 25/05/2024 Books
© Seacom Engineering College, All rights reserved.      Powered by Koha